000 00464nam a2200193Ia 4500
008 101110s9999 xx 000 0 und d
041 _aENGLISH
082 _bSR21817
_a661
100 _aBhaskararao B.K.
245 _aA Text on Petro-Chemicals
365 _b75
520 _aChemistry
546 _aENGLISH
630 _aA Text on Petro-Chemicals
650 _aChemistry
655 _aChemistry
730 _aA Text on Petro-Chemicals
942 _cBOOK
999 _c814656
_d814653